Sharirik shiksha bahuvikalpiy prashnottari: NTA/UGC/DSSSB (Record no. 394100)

MARC details
000 -LEADER
fixed length control field 00500 a2200181 4500
005 - DATE & TIME
control field 20260131111841.0
008 - FIXED-LENGTH DATA ELEMENTS--GENERAL INFORMATION
fixed length control field 260114b |||||||| |||| 00| 0 eng d
020 ## - ISBN
International Standard Book Number 9789392344121
Price Rs. 1995.00
040 ## - CATALOGING SOURCE
Original cataloging agency VIVEKANANDA LIBRARY
082 ## - DDC NUMBER
Classification number 796.07
Book Number U6N
100 ## - MAIN ENTRY--PERSONAL NAME
Personal name Uppal, A K
245 ## - TITLE STATEMENT
Title Sharirik shiksha bahuvikalpiy prashnottari: NTA/UGC/DSSSB
260 ## - PUBLICATION, DISTRIBUTION, ETC. (IMPRINT)
Name of publisher, distributor, etc Friends Publications
Place of publication, distribution, etc Delhi
Date of publication, distribution, etc 2024
300 ## - PHYSICAL DESCRIPTION
Pages 766
650 ## - Subject
Subject Physical Education
650 ## - Subject
Subject Physical Education UGC-NTA
942 ## - ADDED ENTRY ELEMENTS (KOHA)
Koha item type Books
Holdings
Withdrawn status Lost status Source of classification or shelving scheme Damaged status Not for loan Location (home branch) Sublocation or collection (holding branch) Shelving location Date acquired Koha issues (times borrowed) Koha full call number Accession No. Koha date last seen Copy number Koha item type
    Dewey Decimal Classification     VIVEKANANDA LIBRARY VIVEKANANDA LIBRARY Vivekananda Library 12/12/2025 1 796.07 U6N 443636 24/03/2026 R Books
© Designed and Maintained by Vivekananda Library, MDU Rohtak